| 000 | 01039nam a2200253 a 4500 | ||
|---|---|---|---|
| 001 | 75450 | ||
| 003 | BD-RjUL | ||
| 005 | 20211209082706.0 | ||
| 008 | 190410s2017 bg a|||||mb|| 00| ||eng d | ||
| 035 | _a(BD-RjUL)75668 | ||
| 040 |
_aBD-RjUL _beng _cBD-RjUL _dBD-RjUL |
||
| 041 | _aeng | ||
| 082 |
_223 _a635.64294677 _bKHI 2017 |
||
| 100 | 1 |
_aKhatun, Mst. Jannati _9178499 |
|
| 245 | 1 | 0 |
_aHybrid seed production of Tomato and its Yield performance during summer in Bangladesh / _cSubmitted by Mst. Jannati Khatun ; _6Supervisor: Farzana Ashrafi Neela ; Co-Supervisor: K. M. Khalequzzaman |
| 260 |
_aRajshahi : _bDepartment of Botany, Rajshahi University, _c2017 |
||
| 300 |
_a[27], 268 Leaves : _bIll. ; _c30 cm. |
||
| 502 | _aThesis (Ph. D.) -- Department of Botany, Rajshahi University, 2017 | ||
| 504 | _aReferences: Leaves 246-268 | ||
| 650 |
_aTomatoes _xDiseases and pests _xControl _9230355 |
||
| 700 |
_aNeela, Farzana Ashrafi, Supervisor _9230356 |
||
| 700 |
_aKhalequzzaman, K. M. , Co-Supervisor _9114556 |
||
| 942 |
_2ddc _cTHE |
||
| 999 |
_c75450 _d75450 |
||